Risk management / (Record no. 158126)

MARC details
000 -LEADER
fixed length control field 00540nam a22001817a 4500
005 - DATE AND TIME OF LATEST TRANSACTION
control field 20181017144724.0
010 ## - LCCN (DPL NO)
LC control number B-182340
020 ## - INTERNATIONAL STANDARD BOOK NUMBER
International Standard Book Number 1403926662
Terms of availability 185.00
035 ## - SYSTEM CONTROL NUMBER
System control number B-182340
037 ## - SOURCE OF ACQUISITION
Source of stock number/acquisition Macmillan
082 ## - DEWEY DECIMAL CLASSIFICATION NUMBER
Classification number 368
100 ## - MAIN ENTRY--PERSONAL NAME
Personal name Indian institute of banking and finance
245 ## - TITLE STATEMENT
Title Risk management /
Statement of responsibility, etc by Indian institute of banking and finance
260 ## - PUBLICATION, DISTRIBUTION, ETC. (IMPRINT)
Place of publication, distribution, etc Mumbai
Name of publisher, distributor, etc Macmillan
Date of publication, distribution, etc 2005
300 ## - PHYSICAL DESCRIPTION
Extent 345 p.
Dimensions 24 c.m. (Pb)
942 ## - ADDED ENTRY ELEMENTS (KOHA)
Source of classification or shelving scheme Dewey Decimal Classification
Item type English Books
Classification part 368
Call number suffix RIS
Holdings
Withdrawn status Lost status Not for loan Collection code Home library Current library Date acquired Full call number Barcode Koha item type
      Non-fiction Sarojini Nagar Sarojini Nagar 17/10/2018 368 RIS B-182340 English Books

© Delhi Public Library
Hit Counter
free hit counter